Providing for consideration of H.R. 418, REAL ID Act of 2005 : report (to accompany H. Res. 71).

Bibliographic Details
Corporate Author: United States. Congress. House. Committee on Rules
Format: Government Document Book
Language:English
Published: [Washington, D.C.] : [U.S. G.P.O.], [2005]
Series:Report / 109th Congress, 1st session, House of Representatives ; 109-3
Subjects:
Online Access:https://purl.fdlp.gov/GPO/LPS58697

MARC

Tag First Indicator Second Indicator Subfields
LEADER 00000cam a2200000 a 4500
001 in00001947655
005 20211202203108.0
008 050310s2005 dcu f000 0 eng c
035 |a (OCoLC)ocm58424937 
040 |a GPO  |c GPO  |d MvI  |d UtOrBLW 
042 |a pcc 
043 |a n-us--- 
049 |a UDOC 
049 |a WWW 
050 1 4 |a KF32  |b .R8 2005b 
074 |a 1008-C 
074 |a 1008-C (online) 
074 |a 1008-D (MF) 
074 |a 1008-D (online) 
086 0 |a Y 1.1/8:109-3 
110 1 |a United States.  |b Congress.  |b House.  |b Committee on Rules. 
245 1 0 |a Providing for consideration of H.R. 418, REAL ID Act of 2005 :  |b report (to accompany H. Res. 71). 
264 1 |a [Washington, D.C.] :  |b [U.S. G.P.O.],  |c [2005] 
300 |a 1 unnumbered sheet ;  |c 23 cm. 
336 |a text  |b txt  |2 rdacontent 
337 |a unmediated  |b n  |2 rdamedia 
338 |a sheet  |b nb  |2 rdacarrier 
490 1 |a Report / 109th Congress, 1st session, House of Representatives ;  |v 109-3 
500 |a Caption title. 
500 |a Shipping list number: 2005-0100-P. 
500 |a Distributed to some depository libraries in microfiche. 
500 |a "February 8, 2005." 
500 |a Shipping List Date: 03/08/2005 
530 |a Also available via Internet from the GPO Access web site. Address as of 3/9/05: http://frwebgate.access.gpo.gov/cgi-bin/getdoc.cgi?dbname=109%5Fcong%5Freports&docid=f:hr003.109.pdf; current access is available via PURL. 
610 1 0 |a United States.  |b Congress.  |b House  |v Rules and practice. 
810 1 |a United States.  |b Congress.  |b House.  |t Report ;  |v 109-3. 
856 4 1 |u https://purl.fdlp.gov/GPO/LPS58697  |t 0 
999 |a MARS 
999 f f |s 54854919-0e57-3475-bbff-f3aaf5d5c849  |i fde08f6f-f0d9-3f29-a901-da808c146eba  |t 0 
952 f f |a Texas A&M University  |b College Station  |c Electronic Resources  |d Available Online  |t 0  |e Y 1.1/8:109-3  |h Superintendent of Documents classification 
998 f f |a Y 1.1/8:109-3  |t 0  |l Available Online